000 00328nam a22001337a 4500
008 181010b xxu||||| |||| 00| 0 eng d
020 _a0805809333
041 _aeng
080 _a159.9
100 _a48
101 _aPSI
245 _aInternalizing and Externalizing Expressions of Dysfunction
_cCicchetti,D
942 _2udc
_cBK
999 _c49268
_d49268